00929cam a22002774a 45000010009000000050017000090080041000260100017000670200015000840350020000990400023001190410008001420420008001500600027001580800016001850820020002011000006002211010008002272450117002352460059003525040051004119060045004629420012005079990017005199520115005361192222220180814044143.0000225s2000 paua b 001 0 eng c a 00027379  a068330741X a(DNLM)100935449 aDNLM/DLCcDLCdDLC aeng apcc10aWG 141.5.C2bG878 2000 a616.120 BAI00a616.120 BAI221 a7 aKAR00aGrossman's cardiac catheterization, angiography, and intervention /cedited by Donald S. Baim, William Grossman.30aCardiac catheterization, angiography, and intervention aIncludes bibliographical references and index. a7bcbccorignewd1eocipf20gy-gencatlg 2ddccBK c47089d47089 00102udc40708PËKGa002b002cPËKGd2018-08-14l0o616.120 BAIp002-3011214r2018-08-14w2018-08-14yBK